000 00680nam a2200289Ia 4500
005 20260324145411.0
008 008 260324s9999 xx 000 0 eng d
020 _a9781351236942
037 _aEBOOK
040 _aCRL
040 _beng
040 _cCRL
041 _2eng
041 _aeng
084 _qCRL
100 _aHazel Francis
_91222834
245 0 _aLearning to Read
245 0 _bLiterate Behaviour and Orthographic Knowledge
260 _bTaylor and Francis
260 _c1982
365 _a
365 _b170
856 _uhttp://www.taylorfrancis.com/books/9781351236942
942 _cEBOOK
999 _c1830689
_d1830689